Score 0/15 Timer 07:00
1 Play Today
Hint Answer % Correct
The first Thanksgiving feast took place in which modern day state?Massachusetts
89.8%
The first Thanksgiving most likely occurred in which month?September
87.4%
The pilgrims had arrived on the new continent from England on what ship?The Mayflower
84.9%
The founder of which department store is credited with convincing Roosevelt to change the date of Thanksgiving?Macy's
73.5%
Which President declared Thanksgiving a federal holiday?Abraham Lincoln
63.3%
What was the name of the colony that held the first Thanksgiving?Plymouth
51.8%
Which NFL team was the first to play and host on Thanksgiving?Detroit Lions
50.9%
Which president was the first to grant presidential pardon on record to a Thanksgiving turkey (then sending it to a petting zoo or farm)?Ronald Reagan
38.4%
Hint Answer % Correct
Who was the Native American known as a liaison between Native Americans and the pilgrims?Squanto
34.7%
Which city holds the oldest Thanksgiving day parade in the country?Philadelphia
32.7%
What Arlo Guthrie song is played by many rock stations on Thanksgiving?Alice's Restaurant
29.6%
Which popular Christmas song by James Lord Pierpont was originally a Thanksgiving song? Jingle Bells
26.5%
Members of which Native American tribe attended the first Thanksgiving?Wampanoag
14.4%
Name one of the two pilgrims who wrote a first hand account of the first Thanksgiving.William Bradford, Edward Winslow
14.3%
After Roosevelt tried changing the date of Thanksgiving during the depression, his opponents nicknamed it what?Franksgiving
7.8%
Remove Ads.
Support Sporcle.
Get the best of Sporcle when you Go Orange. This ad-free experience offers more features, more stats, and more fun while also helping to support Sporcle. Thank you for becoming a member.

You're not logged in!

Compare scores with friends on all Sporcle quizzes.
OR
Log In

Sporcle TV

Today on Sporcle TV


Watch our educational content, quiz creation guides, and fun videos on Sporcle TV.

Show Comments

Extras

Top Quizzes Today


Score Distribution

Paid Content

Your Account Isn't Verified!

In order to create a playlist on Sporcle, you need to verify the email address you used during registration. Go to your Sporcle Settings to finish the process.

Report this User

Report this user for behavior that violates our Community Guidelines.

Details: